000 00566nam a22002057a 4500
003 Nust
005 20220831093940.0
008 170123b xxu||||| |||| 00| 0 eng d
020 _a9781853267437
_cRs. 236
038 _aArshad
040 _aNUST -Fiction
041 _hEnglish
082 _a823
_bCON
100 _aConrad, Joseph
_912132
245 _aThree sea stories:
_btypoon, falk, the shadow line /
_cJoseph Conrad
260 _aLondon:
_bWords worth classic,
_c1998
300 _aXlii,255 p.
650 _aSea stories, English
_912133
942 _2ddc
_cBK
999 _c173369
_d173369